Języki Europejskie z Mapą - Statystyki

Ogólne statystyki
  • Ten quiz został rozwiązany 30 511 razy
    30 051 od ostatniego zresetowania
  • Średni wynik to 27 z 38
Odpowiedzi na mapie
Odpowiedzi zakodowano w zielono-czerwonej skali na mapie do tego quizu, zgodnie z poniższymi procentami.
 
Statystyki odpowiedzi
Pop Języki % Poprawnych
39 mln Polski
99%
60 mln Angielski
98%
106 mln Rosyjski
98%
97 mln Niemiecki
97%
66 mln Francuski
96%
38 mln Hiszpański
96%
32 mln Ukraiński
96%
65 mln Włoski
96%
10 mln Portugalski
95%
10 mln Czeski
93%
4.7 mln Norweski
91%
3.3 mln Białoruski
90%
11 mln Grecki
90%
5.5 mln Duński
89%
5.2 mln Słowacki
89%
1.1 mln Estoński
87%
24 mln Rumuński
87%
21 mln Serbsko-Chorwacki
86%
22 mln Niderlandzki
85%
9.1 mln Szwedzki
85%
13 mln Węgierski
84%
3.0 mln Litewski
83%
7.8 mln Bułgarski
80%
1.7 mln Łotewski
80%
2.1 mln Słoweński
78%
5.4 mln Albański
76%
5.4 mln Fiński
74%
12 mln Turecki
74%
1.4 mln Macedoński
69%
4.0 mln Kataloński
65%
1.3 mln Sardyński
34%
1.0 mln Kazachski
32%
1.4 mln Czeczeński
22%
2.4 mln Galicyjski
17%
4.3 mln Tatarski
14%
1.5 mln Romski
6%
1.2 mln Baszkirski
3%
1.1 mln Czuwaski
3%
Nie znaleziono quizów pasujących do podanych kryteriów
Rozkład punktacji
Procent ludzi z każdym wynikiem
Percentyl według liczby udzielonych odpowiedzi
Twoja historia wyników
Nie rozwiązałeś tego quizu od ostatniego zresetowania